01906nam a2200349   4500003000900000005001700009008004100026040004600067041000800113082002600121092000700147099003400154100003800188245013400226264005900360300007800419336002200497337002400519338003300543504011100576546011600687650005800803650004100861651001000902856005700912905001700969942001900986999001701005952017801022952017801200952017801378EG-GICUC20260121101146.0251105s1928    ua	||||fr|||| 00| 0 ara d  a EG-GICUCbarac EG-GICUCd EG-GICUCerda0 aara04221a341.8bع ل . ق04221  aLaw1 12	341.8 ع ل . ق	19280 a علي الزينيeمؤلف.12aالقانون الدولي الخاص:bالمصري والمقارن/cتأليف علي الزيني.nالجزء الاول 1aالقاهرة؛bمطبعة الاعتماد،c1928.  a568 ؛صفحةc24 سمbإيضاحيات، صور، مثيليات ؛   2rda contentatext  2rda mediaaComputer  2rda carrieraOnline Resource  aيحتوي على اراجاعات ببليوجرافية
يحتوي على قائمة بالمراجع.  aالنص أغلبه باللغة العربية بعض النصوص الإنجليزية والفرنسية1 aالقانون الدولى الخاصzمصر2qrmak1 aالقانون المقارن2qrmak1 2qrmak40uhttps://fll.law.cu.edu.eg/fulltext/bks/B12-00626.pdf  aRawan khaled  2ddcn0cBKe21  c41127d41127  00102ddc40718القانون الدولي الخاصaCUbLAW1d2025-11-05l0oLaw1 12	341.8 ع ل . ق	1928 1200626	C1pB12-00626r2025-11-05 13:12:59t1w2025-11-05yBK  00102ddc40718القانون الدولي الخاصaCUbLAW2d2025-11-10l0oLaw2 12	341.8 ع ل . ق	1928 1200091	C3pB12-00091r2025-11-10 18:00:00t3w2025-11-10yBK  00102ddc40708القانون الدولي الخاصaCUbLAW1d2025-11-10l0oLaw1 12	341.8 ع ل . ق	1928 1200090	C2pB12-00090r2025-11-10 18:03:00t2w2025-11-10yBK